Θα υπογράφω Λούι
Αποθηκεύτηκε σε:
| Κύριος συγγραφέας: | |
|---|---|
| Μορφή: | Βιβλίο |
| Γλώσσα: | Greek |
| Δημοσίευση: |
[Αθήνα] :
Αγρας,
(197_) ανάτ.
|
| Θέματα: | |
| Ετικέτες: |
Προσθήκη ετικέτας
Δεν υπάρχουν, Καταχωρήστε ετικέτα πρώτοι!
|
MARC
| LEADER | 00000cam a2200000 i 4500 | ||
|---|---|---|---|
| 001 | 1/82402 | ||
| 008 | 960902q19751995gr | ||| |||| ||gre|| | ||
| 020 | |a 9603250562 | ||
| 035 | |a 1995 |b 1 |c Αναγνωστοπούλου |l 10033937 | ||
| 040 | |a GR-MY-UA |b gre |e aacr | ||
| 041 | 0 | |a gre | |
| 082 | 0 | |a 889.37 | |
| 100 | 1 | |a Γαλανάκη, Ρέα, |d 1947- | |
| 245 | 1 | 0 | |a Θα υπογράφω Λούι / |c Ρέα Γαλανάκη |
| 260 | |a [Αθήνα] : |b Αγρας, |c (197_) ανάτ. | ||
| 300 | |a 298 σ. | ||
| 650 | 0 | 0 | |a Greek fiction, Modern. |
| 852 | |a INST |b RHODES |e 19960902 |h 889.37 ΓΑΛ |p 005400007075 |q 005400007075 |t BK |y 0 | ||
| 909 | |a Ρ |b 040062 |c 1995 | ||
| 970 | |z 2000/06/ΚΑΤΕΡΙΝΑ | ||